01657cam a2200325 a 4500001000700000003000400007005001700011008004100028010003100069020002100100035001100121040001800132050002300150245017900173260003700352300015600389336002600545337002800571338002700599500012500626500013500751500008500886504005300971630002501024655008101049700002601130700003401156700005201190856008901242427941OSt20260415160030.0260415m19829999txua b 001 0 eng  a 81071768 z 2003615144 a0849902010qv. 2 a427941 aDLCcDLCdDLC00aBS491.2b.W67 199410aWord biblical commentary: Genesis 16-50 /cgeneral editors, David A. Hubbard, Glenn W. Barker ; Old Testament editor, John D.W. Watts ; New Testament editor, Ralph P. Martin. aWaco, Tex. :bWord Books,cc1994 av. <1-5, 6A, 7, 9-17, 18B, 19-22, 23A-23B, 24-32, 33A-33B, 34A-34B, 35A-35C, 36, 38A-38B, 40-46, 47A-47B, 48-51. 52A-52C; in 53> :bill., map ;c24 cm. atextbtxt2rdacontent aunmediatedbn2rdamedia avolumebnc2rdacarrier aVols. <18B, 22, 23B, 29, 34B, 46, 52B-52C > have general editors, Bruce M. Metzger, David A. Hubbard, Glenn W. Barker. aPlace of publication in v. <2, 6A, 9, 11, 17, 20, 23A, 26-27, 30, 33A-33B, 35A-35C, 41-42, 47A-47B, 52A > appears as Dallas Tex. aVols. <18B, 22, 23B, 29, 34B, 46, 52B-52C> have imprint: Nashville : T. Nelson. aIncludes bibliographical references and indexes.00aBiblevCommentaries. 7aCommentaries.2lcgft0https://id.loc.gov/authorities/genreForms/gf20250260141 aHubbard, David Allan.1 aBarker, Glenn W.,d1920-1984.1 aMetzger, Bruce M.q(Bruce Manning),d1914-2007.423Publisher descriptionuhttp://www.loc.gov/catdir/enhancements/fy0609/81071768-d.html